[Event "GRE-ch U14"]
[Site "Peristeri"]
[Date "2023.07.07"]
[Round "7"]
[White "Spiliotopoulos, Spyridon"]
[Black "Christodoulou, Konstantinos Chryso"]
[Result "1-0"]
[WhiteElo "1395"]
[BlackElo "1230"]
[PlyCount "63"]
[EventDate "2023.07.03"]
[EventType "swiss"]
[EventRounds "9"]
[EventCountry "GRE"]
[SourceTitle "EXT 2024"]
[Source "ChessBase"]
[SourceDate "2023.10.10"]
[SourceVersion "1"]
[SourceVersionDate "2023.10.10"]
[SourceQuality "1"]

1. e4 c5 2. c3 d6 3. d4 Nf6 4. f3 cxd4 5. cxd4 Nc6 6. d5 Ne5 7. Be3 Bd7 8. Nc3 a6 9. Qb3 b5 10. a4 bxa4 11. Nxa4 Rb8 12. Nb6 Bb5 13. Bxb5+ axb5 14. Qxb5+ Ned7 15. Ne2 e5 16. Ra6 Be7 17. Qa4 0-0 18. Nxd7 Nxd7 19. b4 Ra8 20. Rxa8 Qxa8 21. Qxd7 Qa1+ 22. Bc1 Bg5 23. 0-0 Bxc1 24. Rxc1 Qb2 25. Rc8 g6 26. Rxf8+ Kxf8 27. Qxd6+ Kg8 28. Kf2 Qa3 29. Qb8+ Kg7 30. Qxe5+ Kh6 31. Qc3 Qa7+ 32. Qe3+ 1-0

[Event "GRE-ch U14"]
[Site "Peristeri"]
[Date "2023.07.03"]
[Round "1"]
[White "Spiliotopoulos, Spyridon"]
[Black "Vassis, Michail"]
[Result "1-0"]
[WhiteElo "1395"]
[BlackElo "2027"]
[PlyCount "149"]
[EventDate "2023.07.03"]
[EventType "swiss"]
[EventRounds "9"]
[EventCountry "GRE"]
[SourceTitle "EXT 2024"]
[Source "ChessBase"]
[SourceDate "2023.10.10"]
[SourceVersion "1"]
[SourceVersionDate "2023.10.10"]
[SourceQuality "1"]

1. d4 d5 2. Bf4 e6 3. e3 Nf6 4. Nc3 a6 5. Nf3 c5 6. Be2 cxd4 7. Nxd4 Nbd7 8. Nb3 b5 9. Qd4 Bb7 10. 0-0 Be7 11. Bf3 Qb6 12. Qxb6 Nxb6 13. Na5 0-0-0 14. Nxb7 Kxb7 15. e4 b4 16. exd5 exd5 17. Ne2 Rc8 18. Rfc1 Rc4 19. c3 a5 20. cxb4 axb4 21. Rxc4 Nxc4 22. Rc1 Rc8 23. b3 Na5 24. Rxc8 Kxc8 25. Be5 Nb7 26. Bxf6 Bxf6 27. Bxd5 Nd6 28. Kf1 Be5 29. h3 f6 30. Ke1 Nb5 31. Bc4 Na3 32. Bd3 g6 33. Kd2 Kd7 34. f4 Bb2 35. g4 Kd6 36. h4 Kd5 37. Ng3 Bc3+ 38. Ke3 Be1 39. Ne2 Bxh4 40. Nd4 Bf2+ 41. Kxf2 Kxd4 42. Ke2 Kc3 43. g5 fxg5 44. fxg5 Kd4 45. Kd2 Kd5 46. Ke3 Ke5 47. Bf1 Nb1 48. Kd3 Kf4 49. Bg2 Na3 50. Kd4 Nc2+ 51. Kc5 Kf5 52. Ba8 Kxg5 53. Be4 Ne1 54. Kxb4 Kf4 55. Bb7 Ke3 56. a4 Kd4 57. a5 Nd3+ 58. Kb5 Nc5 59. a6 Nxa6 60. Bxa6 g5 61. b4 g4 62. Bc8 h5 63. Kc6 g3 64. Bh3 h4 65. b5 Ke3 66. b6 Kf2 67. b7 g2 68. Bxg2 Kxg2 69. b8Q h3 70. Qg8+ Kh1 71. Qd5+ Kg1 72. Qd4+ Kh1 73. Qe4+ Kg1 74. Qg4+ Kh2 75. Kd5 1-0